00388nam a2200145 i 450000100060000000300090000600500170001500700030003200800410003510000200007624500550009626000490015130000220020085200200022284141ES-MaACL20230906174943.0t|041119s1920 fr ||||1| fre d1 aJaloux, Edmond.10aAu-dessus de la Ville b: roman / cEdmond Jaloux. aParis : b[s.n.], c1920 (fCorbeil Creté) a222 p. ; c19 cm. aES-MaACLjF-991